Comportamiento de secciones de concreto con refuerzo uniformemente distribuido
Shranjeno v:
| Glavni avtor: | |
|---|---|
| Format: | Knjiga |
| Izdano: |
San José, Costa Rica
1992
|
| Teme: | |
| Oznake: |
Označite
Brez oznak, prvi označite!
|
MARC
| LEADER | 00000nam a2200000Ia 4500 | ||
|---|---|---|---|
| 003 | 005470 | ||
| 005 | 20221231144321.0 | ||
| 008 | 140114s1992 cr a m 000 ||s d | ||
| 040 | |c cru CEDI | ||
| 090 | |a TFG 2609 | ||
| 100 | |a Pacheco Alvarado, Arnoldo |9 12372 | ||
| 245 | |a Comportamiento de secciones de concreto con refuerzo uniformemente distribuido | ||
| 260 | |c 1992 |a San José, Costa Rica | ||
| 300 | |a xi, 145 hojas : ilustraciones (algunas plegables) ; 28 cm. | ||
| 500 | |a Proyecto de graduacion (licenciatura en ingenieria civil)--Universidad de Costa Rica. Facultad de Ingeniería. Escuela de Ingenieria Civil | ||
| 650 | |x HORMIGON ARMADO - INVESTIGACIONES |9 12354 | ||
| 942 | |c TFG | ||
| 999 | |c 20068 |d 20068 | ||
